The folk culture of Yucatan / (Record no. 22401)
[ view plain ]
| 000 -LEADER | |
|---|---|
| fixed length control field | 01131cam a2200301 4500 |
| 001 - CONTROL NUMBER | |
| control field | 22401 |
| 003 - CONTROL NUMBER IDENTIFIER | |
| rucl marc code | BD-RjUL |
| 005 - DATE AND TIME OF LATEST TRANSACTION | |
| control field | 20211209000813.0 |
| 008 - FIXED-LENGTH DATA ELEMENTS--GENERAL INFORMATION | |
| fixed length control field | 140308s1948 iluabf b 001 0 eng d |
| 035 ## - SYSTEM CONTROL NUMBER | |
| System control number | (BD-RjUL)22466 |
| System control number | cc |
| 040 ## - CATALOGING SOURCE | |
| Original cataloging agency | DLC |
| Transcribing agency | FUG |
| Modifying agency | OCL |
| -- | SER |
| -- | BD-RjUL |
| Language of cataloging | eng |
| 041 ## - LANGUAGE CODE | |
| Language code of text/sound track or separate title | eng |
| 082 ## - DEWEY DECIMAL CLASSIFICATION NUMBER | |
| Classification number | 917.26 |
| Author mark and year | REF 1948 |
| 100 1# - MAIN ENTRY--PERSONAL NAME | |
| Personal name | Redfield, Robert, |
| Dates associated with a name | 1897-1958 |
| 9 (RLIN) | 69167 |
| 245 14 - TITLE STATEMENT | |
| Title | The folk culture of Yucatan / |
| Statement of responsibility, etc. | by Robert Redfield. |
| 260 ## - PUBLICATION, DISTRIBUTION, ETC. (IMPRINT) | |
| Place of publication, distribution, etc. | Chicago : |
| Name of publisher, distributor, etc. | The University of Chicago Press, |
| Date of publication, distribution, etc. | 1941 Imprission 1948]. |
| 300 ## - PHYSICAL DESCRIPTION | |
| Pagination | xxiii, 416 p., [4] p. of plates : |
| Illustrations | ill. ; |
| Size | 22 cm. |
| 490 1# - SERIES STATEMENT | |
| Series statement | University of Chicago publications in anthropology. Social anthropology series |
| 500 ## - GENERAL NOTE | |
| General note | "Results of research carried on under the auspices and at the expense of Carnegie Institution of Washington."--p. [vi] |
| General note | "References": p. 397-400 - Includes index. |
| 650 #0 - SUBJECT ADDED ENTRY--TOPICAL TERM | |
| Topical term or geographic name as entry element | Mayas. |
| 9 (RLIN) | 36507 |
| 651 #0 - SUBJECT ADDED ENTRY--GEOGRAPHIC NAME | |
| Geographic name | Yucatán (Mexico : State) |
| General subdivision | Civilization. |
| 9 (RLIN) | 69168 |
| 830 #0 - SERIES ADDED ENTRY--UNIFORM TITLE | |
| Uniform title | University of Chicago publications in anthropology. |
| 942 ## - ADDED ENTRY ELEMENTS (KOHA) | |
| Source of classification or shelving scheme | Dewey Decimal Classification |
| Koha item type | Books |
| Lost status | Source of classification or shelving scheme | Damaged status | Not for loan | Collection code | Permanent Location | Current Location | Shelving location | Date acquired | Source of acquisition | Cost, normal purchase price | Total Checkouts | Full call number | Date last seen | Copy number | Koha item type |
|---|---|---|---|---|---|---|---|---|---|---|---|---|---|---|---|
| Dewey Decimal Classification | Added to bundle | Non-fiction | Central Library, University of Rajshahi | Central Library, University of Rajshahi | Reading Room | 18/02/1958 | U.S.I.S. Dacca | 0.00 | 917.26 REF 1948 | 08/03/2014 | C-1 | Books |